Регионална библиотека "Любен Каравелов" - Русе

Leonce und Lena : Eine heitere Oper nach dem Lustspiel von Georg Büchner (Запис номер 519843)

MARC детайли
000 -Лидер
Лидер 02140njm a2200349 a 4500
003 - Код на организацията, давaща контролен номер
Код на организацията, даваща контролен номер BLK
005 - Дата и час на последна редакция
Дата и час на последна редакция 20250301005548.0
007 - Фиксирано поле за физическо описани
Физическо описание sz bmmelaaahaa
008 - Елементи от данни с фиксирана дължина
Елементи с фиксирана дължина 241008b bul |a|er|||| |0| c|bulo|
028 ## - PUBLISHER NUMBER
Издателски номер 8 25 969
040 ## - Източник на каталожния запис
Код на библиотеката BLK
041 ## - Код за език
Език на записа Немски
Език за КДБФ Немски
080 ## - УДК
УДК текст Опера. Музикална драма. Романтична опера. Опера-приказка
УДК код 782.1
УДК – определител (086.7)
УДК – код + определител 782.1(086.7)
080 ## - УДК
УДК текст Комедии
УДК код 791.221.2
УДК – определител (086.7)
УДК – код + определител 791.221.2(086.7)
100 1# - Редна дума - Автор
R(LIN) 23979
Автор Schwaen, Kurt
245 ## - Сведения за заглавието
Заглавие Leonce und Lena : Eine heitere Oper nach dem Lustspiel von Georg Büchner
Авторска отговорност Kurt Schwaen, Georg Büchner et all. ; Kammerorchester der Staatskapelle Berlin ; dir. Rudolf Neuhaus.
260 ## - Област на издателските данни
Място на издаване Berlin
9 (RLIN) 210744
Име на издателя Deutsche Schallplatten
Година на издаване [1969]
300 ## - Физическа характеристика
Брой страници 1 грамофонна плоча
Илюстрации 33 об/мин, стерео
Размер 30 см
380 ## - Жанр
Жанр Изкуство
490 ## - СЕРИИ (Колекции)
Серия Eterna
9 (RLIN) 493861
490 ## - СЕРИИ (Колекции)
9 (RLIN) 494075
Серия Unsere neue Musik
Номер в серията 38
500 ## - Общи забележки
Обща забележка Vorspiel/ 1. Bild (Ein Garten) Mein Herr, Was Wollen Sie Von Mir? 5:40<br/>A2 2. Bild (Ein Zimmer) Der Mensch Muß Denken 4:30<br/>A3 3. Bild (Ein Reichgeschmückter Saal. Kerzen Brennen) Leonce! Rosetta! 10:20<br/>A4 4. Bild (Ein Garten. Prinzessin Lena Im Brautschmuck) Ja, Jetzt, Da Ist Es 6:35<br/><br/>B1 6. Bild (Das Wirtshaus Auf Einer Anhöhe, An Einem Fluß. Weite Aussicht. Der Garten Vor Demselben) Ach, Valerio, Ich Bin So Jung, Und Die Welt Ist So Alt 9:05<br/>B2 7. Bild (Ein Zimmer) Denken Sie Nicht An Den Menschen 1:50<br/>B3 8. Bild (Der Garten. Nacht Und Mondschein) O Nacht, O Nacht 6:25<br/>B4 10. Bild (Großer Saal) Also Auch Die Prinzessin Ist Verschwunden 10:20
511 ## - Забележка за участници или изпълнители
Забележка за участници Fred Praski - König Peter ; Hans Joachim Rotzsch - Prinz Leonce ; Renate Hoff - Prinzessin Lena [et al.]
520 ## - Забележка за наличие на резюме, анотация и т.н
Анотация, рецензия Nagrano w 1968 r.
650 #0 - Допълнително описание по предмет – тема
9 (RLIN) 315976
Предметна рубрика Опера, комична
700 1# - Други автори (авторска отговорност)
9 (RLIN) 6344
Друг автор Buchner, Georg
700 ## - Други автори (авторска отговорност)
9 (RLIN) 493972
Друг автор Neuhaus, Rudolf
710 ## - Име на организация или юридическо лице като допълнителен термин за търсене
9 (RLIN) 495528
Друг колективен автор Kammerorchester der Staatskapelle Berlin
852 ## - Местоположение
Сигнатура (форматна) Ф II 3301
Отдел Хранилище
942 ## - АРТИКУЛИ
Вид на библиотечния документ Грамофонни плочи
Скрит в OPAC Не
944 ## - СЪЗДАВАНЕ И РЕДАКЦИЯ на ЗАПИСА
Дата на регистрацията/редакция Севдалина Тодорова
Служител, извършил регистрацията/редакцията
Статус, дата на статуса CRON CRON
Създаване/Редакция
999 ## - СИСТЕМНИ КОНТРОЛНИ НОМЕРА
Koha biblionumber 519843
Koha biblioitemnumber 519843
Наличности
Код за отписване Код за изгубен артикул Източник на класификационната схема Код за повреда Коз за рестрикции Код за отдаване Артикулен № Име на библиотеката - собственик Име на библиотеката, в която се намира в момента Статус (Текущо местоположение) Дата на вписване в системата Местоположение - отдел Цена в лева Инвентарен номер Систематично азбучна сигнатура Баркод Цена в евро Служебен тип на артикула
  Не е изгубен Universal Decimal Classification Не е повреден само за читалня ползва се в читалня 952544 Регионална библиотека "Любен Каравелов" Русе Регионална библиотека "Любен Каравелов" Русе Хранилище 2024-10-21 Основен фонд - ползва се само за читалня 6.00 7866 Ф ІІ 3301 900000109249 3.07 Грамофонни плочи
Vip Innovations Ltd, Rousse, Bulgaria 2025